Statystyki dla zawody

Kliknij tutaj aby rozwiązać quiz!

Ogólne statystyki

  • Ten quiz został rozwiązany 3 razy
  • Średni wynik to 2 z 74

Statystyki odpowiedzi

HintOdpowiedź% Poprawnych
asystentassistant
100%
konsultantconsultant
67%
komikcomedien
33%
prezydentpresident
33%
aktoracteur
0%
aktorkaactrice
0%
architektarchitecte
0%
asystentkaassistante
0%
astronomastronome
0%
adwokatavocat
0%
adwokatkaavocate
0%
bankierbanquier
0%
bankierkabanquiere
0%
piosenkarzchanteur
0%
piosenkarkachanteuse
0%
taksówkarzchauffeur de taxi
0%
gł.księgowychef comptable
0%
fryzjercoiffeur
0%
fryzjerkacoiffeuse
0%
komiczkacomedienne
0%
konsultantkaconsultante
0%
tancerzdanseuse
0%
dentystadentiste
0%
dyrektorkadirecteure
0%
dyrektor
directeur
0%
pisarzecrivain
0%
elektrykelectricien
0%
elektryczkaelectricienne
0%
pracownikemploye
0%
pracodawcaemployeur
0%
listonoszfacteur
0%
listonoszkafactrice
0%
sprzątaczkafemme de menage
0%
piłkarzfootballeur
0%
grafikgraphiste
0%
przewodnikguide
0%
stewardessahotesse de l'air
0%
pielęgniarzinfirmier
0%
pielegiarkainfirmiere
0%
informatykinformaticien
0%
informatyczkainformaticienne
0%
inżynieringenieur
0%
inżynierkaingenieure
0%
tłumacz j.mówinterprete
0%
dziennikarzjournaliste
0%
księgarkalibraire
0%
modelkamannequin
0%
lekarzmedecin/docteur
0%
robotnikouvrier
0%
robotnicaouvriere
0%
pilotpilote
0%
policjantpolicier
0%
policjantkapoliciere
0%
strażakpompier
0%
strazaczkapompiere
0%
prezenterpresentateur
0%
prezenterkapresentatrice
0%
szefpresident directeur general
0%
nauczycielprofesseur
0%
nauczyielkaprofesseure
0%
edytor intredacteur web
0%
edytorka intredactrice web
0%
położnasage-femme
0%
sekretarkasecretaire
0%
kelnerserveur
0%
kelnerkaserveuse
0%
stylistastyliste
0%
telekonsultantteleconseiller
0%
telekonsultantkateleconseillere
0%
tłumacz jptraducteur
0%
tlumaczka jptraductrice
0%
sprzedawcavandeur
0%
sprzedawczynivandeuse
0%
weterynarzveterinaire
0%

Rozkład punktacji

Percentyl według liczby udzielonych odpowiedzi

Procent ludzi z każdym wynikiem

Twoja historia wyników

Nie rozwiązałeś tego quizu